Guess the portuguese city/town by picture 10 - Statistics

General Stats
  • This quiz has been taken 5 times
  • The average score is 14 of 28
Answer Stats
Picture Answer % Correct
Santo António dos Cavaleiros
100%
Borba
50%
Castelo Mendo
50%
Castelo Novo
50%
Conímbriga - Condeixa-a-Nova
50%
Constância
50%
Corroios
50%
Foz do Arelho
50%
Idanha-a-Velha
50%
Lagoa
50%
Lindoso
50%
Piódão
50%
Pitões das Júnias
50%
Podence
50%
Povoação
50%
Rio de Mouro
50%
Rio de Onor
50%
São Roque do Pico
50%
Sertã
50%
Sete Cidades
50%
Sobral de Monte Agraço
50%
Tancos
50%
Velas
50%
Vieira de Leiria
50%
Vila do Bispo
50%
Vila Nova de Cacela
50%
Vila Velha de Ródão
50%
Penamacor
0%
No matching quizzes found
Score Distribution
Percent of People with Each Score
Percentile by Number Answered
Your Score History
You have not taken this quiz